| 000 | 00430nam a2200145 a 4500 | ||
|---|---|---|---|
| 001 | 631 | ||
| 003 | CDMR | ||
| 005 | 20130116135156.0 | ||
| 008 | 130130s1942||||||||||||||||||||||||||||d | ||
| 040 |
_aCDMR _bcat _cCDMR |
||
| 110 | 2 |
_aAssociació de la Premsa de Barcelona _939 |
|
| 245 | 1 | 0 | _aCursillo de conferencias de extensión cultural profesional |
| 260 |
_aBarcelona _c1942 _bAsociación de la Prensa Diaria de Barcelona |
||
| 942 | _cMON | ||
| 999 |
_c631 _d631 |
||